00428nam a22001697a 450000500170000001000150001702000270003203500140005903700090007308200110008210000190009324500420011225000060015426000360016027000420019630000200023820240401124500.0 aENG-139891 a9788190515740c1195.00 aEN-123423 bDBAD a65821 aSharma, Gaurav aGeneral Management/cBy Gaurav Sharma a1 aDelhibMukund Publicationc2022 aE-11/5, Krishana NagarbDelhie110051 a296p.c22cm(Hb)